000 00674cam a22002413a 4500
001 9909
003 PGUSA
005 20140828083217.0
008 060201s2006||||xxu|||||s|||||000 1 eng d
040 _aPGUSA
_beng
042 _adc
050 4 _aPR
100 1 _aPeacock, Thomas Love,
_d1785-1866
245 1 0 _aNightmare Abbey
_h[electronic resource] /
_cThomas Love Peacock
260 _bProject Gutenberg,
_c2006
506 _aPublic domain in the USA.
516 _aElectronic text
653 _aGothic fiction (Literary genre)
653 _aHumorous stories
830 0 _aProject Gutenberg
_v9909
856 4 0 _uhttp://www.gutenberg.org/ebooks/9909
942 _cEB
999 _c239165
_d239165